[Event "San Francisco Grey Memorial"]
[Site "San Francisco"]
[Date "2017.09.26"]
[Round "8"]
[White "Starr, Albert Martin"]
[Black "Baterdene, Jonathan"]
[Result "0-1"]
[WhiteElo "1570"]
[BlackElo "1152"]
[PlyCount "92"]
[EventDate "2017.08.08"]
[EventType "swiss"]
[EventRounds "9"]
[EventCountry "USA"]
[SourceTitle "EXT 2023"]
[Source "ChessBase"]
[SourceDate "2022.10.05"]
[SourceVersion "1"]
[SourceVersionDate "2022.10.05"]
[SourceQuality "1"]

1. b4 d5 2. e3 e5 3. Bb2 d4 4. exd4 exd4 5. b5 Nf6 6. Nf3 Bc5 7. d3 0-0 8. Be2 a6 9. a4 Bb4+ 10. Nbd2 axb5 11. axb5 Rxa1 12. Bxa1 Bc3 13. 0-0 Bxa1 14. Qxa1 c6 15. Qxd4 Qxd4 16. Nxd4 cxb5 17. Nxb5 Nc6 18. Nd6 Nd4 19. Bd1 Nd5 20. Nxc8 Rxc8 21. Re1 g6 22. Bf3 Nxf3+ 23. Nxf3 Rxc2 24. Kf1 Kg7 25. d4 b5 26. g3 b4 27. Rb1 Rc3 28. Nd2 f5 29. Ke1 Ra3 30. f4 Re3+ 31. Kf2 Rd3 32. Nb3 Nc3 33. Nc5 Rxd4 34. Rb3 Ne4+ 35. Nxe4 Rxe4 36. h4 h5 37. Re3 Kf6 38. Kf3 Rc4 39. Rb3 Ke6 40. Ke3 Kd5 41. Rd3+ Kc5 42. Kd2 Rd4 43. Kc2 Rxd3 44. Kxd3 Kb5 45. Kc2 Ka4 46. Kb2 b3 0-1

[Event "San Francisco Grey Memorial"]
[Site "San Francisco"]
[Date "2017.08.15"]
[Round "2"]
[White "Cunningham, Charles"]
[Black "Starr, Albert Martin"]
[Result "0-1"]
[WhiteElo "1377"]
[BlackElo "1570"]
[PlyCount "36"]
[EventDate "2017.08.08"]
[EventType "swiss"]
[EventRounds "9"]
[EventCountry "USA"]
[SourceTitle "EXT 2023"]
[Source "ChessBase"]
[SourceDate "2022.10.05"]
[SourceVersion "1"]
[SourceVersionDate "2022.10.05"]
[SourceQuality "1"]

1. e4 e5 2. Nf3 Nf6 3. Nc3 Bb4 4. Nxe5 Qe7 5. d4 d6 6. Bb5+ c6 7. Nxf7 Qxf7 8. Bd3 0-0 9. Bd2 Bxc3 10. Bxc3 Nxe4 11. f3 Nxc3 12. bxc3 Bf5 13. Be2 Nd7 14. 0-0 Nb6 15. Qc1 Rae8 16. Bd3 Bxd3 17. cxd3 Re2 18. a4 Qg6 0-1

[Event "San Francisco TNM Summer op"]
[Site "San Francisco"]
[Date "2017.06.13"]
[Round "4"]
[White "Starr, Albert Martin"]
[Black "Riese, Kayven"]
[Result "1-0"]
[WhiteElo "1500"]
[BlackElo "1938"]
[PlyCount "121"]
[EventDate "2017.05.23"]
[EventType "swiss"]
[EventRounds "8"]
[EventCountry "USA"]
[SourceTitle "EXT 2023"]
[Source "ChessBase"]
[SourceDate "2022.10.05"]
[SourceVersion "1"]
[SourceVersionDate "2022.10.05"]
[SourceQuality "1"]

1. b4 e5 2. Bb2 d6 3. e3 Nf6 4. d3 Be7 5. Nf3 0-0 6. Be2 a5 7. b5 c5 8. c4 h6 9. 0-0 Bf5 10. a4 Nbd7 11. Nbd2 Re8 12. Ra3 Bf8 13. Qa1 g5 14. g3 Bg6 15. Rd1 Bg7 16. Bf1 Ra7 17. Bg2 Nf8 18. d4 cxd4 19. exd4 e4 20. Ne1 d5 21. c5 b6 22. c6 Rae7 23. Nc2 Ne6 24. Ne3 Nc7 25. Bh3 Nh7 26. Nf5 Bxf5 27. Bxf5 Ne6 28. Nf1 Bf6 29. Ne3 Nhf8 30. Bh3 Kh7 31. Qa2 Nc7 32. Bc3 Re6 33. Bxe6 Nfxe6 34. Qe2 Qd6 35. Bb2 Ng7 36. Ng4 Nf5 37. Nxf6+ Qxf6 38. Qg4 Kg6 39. f4 h5 40. Qxg5+ Qxg5 41. fxg5 e3 42. Re1 Re4 43. Bc1 e2 44. Bf4 Ne6 45. c7 Nxc7 46. Bxc7 Nxd4 47. Rc3 Ne6 48. h4 d4 49. Rc6 d3 50. Rd6 Rd4 51. Rxd4 Nxd4 52. Bf4 Kf5 53. Kf2 Ke4 54. Rc1 Kd5 55. Ke3 Nc2+ 56. Kxd3 e1Q 57. Rxe1 Nxe1+ 58. Kc3 Ng2 59. Bc7 Kc5 60. Be5 Ne1 61. Bd4+ 1-0

[Event "San Francisco TNM Summer op"]
[Site "San Francisco"]
[Date "2016.06.07"]
[Round "3"]
[White "Starr, Albert Martin"]
[Black "Nelson, Carl"]
[Result "0-1"]
[WhiteElo "1517"]
[BlackElo "1188"]
[PlyCount "26"]
[EventDate "2016.05.24"]
[EventType "swiss"]
[EventRounds "8"]
[EventCountry "USA"]
[SourceTitle "EXT 2018"]
[Source "ChessBase"]
[SourceDate "2017.10.13"]
[SourceVersion "1"]
[SourceVersionDate "2017.10.13"]
[SourceQuality "1"]

1. b4 e5 2. Bb2 Bxb4 3. Bxe5 Nf6 4. c4 Nc6 5. Bc3 d5 6. e3 Bf5 7. a3 Be7 8. d4 Ne4 9. c5 Bh4 10. g3 Bg5 11. Bd3 Qe7 12. Ne2 Nxf2 13. Bxf5 Nxd1 0-1

[Event "San Francisco TNM Winter op"]
[Site "San Francisco"]
[Date "2016.01.26"]
[Round "4"]
[White "Starr, Albert Martin"]
[Black "Babayan, Gagik"]
[Result "0-1"]
[WhiteElo "1623"]
[BlackElo "1833"]
[PlyCount "58"]
[EventDate "2016.01.05"]
[EventType "swiss"]
[EventRounds "8"]
[EventCountry "USA"]
[SourceTitle "EXT 2018"]
[Source "ChessBase"]
[SourceDate "2017.10.13"]
[SourceVersion "1"]
[SourceVersionDate "2017.10.13"]
[SourceQuality "1"]

1. b4 e6 2. Bb2 Nf6 3. b5 d5 4. e3 c5 5. c4 b6 6. Nf3 Nbd7 7. d3 Bb7 8. Be2 Be7 9. 0-0 0-0 10. Nbd2 Qc7 11. a4 a5 12. Ra3 Rad8 13. Qa1 Bd6 14. g3 e5 15. cxd5 Bxd5 16. Nc4 Bxf3 17. Bxf3 Rfe8 18. Nxd6 Qxd6 19. Bc6 Re7 20. f4 Ng4 21. d4 exd4 22. exd4 cxd4 23. Bxd4 Qh6 24. Ra2 Nc5 25. Rf3 Qe6 26. Bc3 f6 27. Bd4 Nb3 28. Rxb3 Qxb3 29. Bxb6 Rd1+ 0-1

[Event "San Francisco TNM Spring op"]
[Site "San Francisco"]
[Date "2015.04.21"]
[Round "6"]
[White "Robertson, Guy"]
[Black "Starr, Albert Martin"]
[Result "0-1"]
[WhiteElo "1437"]
[BlackElo "1628"]
[PlyCount "52"]
[EventDate "2015.03.17"]
[EventType "swiss"]
[EventRounds "8"]
[EventCountry "USA"]
[SourceTitle "EXT 2016"]
[Source "ChessBase"]
[SourceDate "2015.10.08"]
[SourceVersion "1"]
[SourceVersionDate "2015.10.08"]
[SourceQuality "1"]

1. Nf3 b5 2. g3 Bb7 3. Bg2 e6 4. d3 Nf6 5. 0-0 Be7 6. Nbd2 0-0 7. e4 d6 8. b3 Nbd7 9. c4 b4 10. Bb2 c5 11. Re1 a5 12. d4 cxd4 13. Nxd4 Nc5 14. Nb5 Nd3 15. Bxf6 Bxf6 16. Re3 Bxa1 17. Rxd3 Bc3 18. Rxd6 Qe7 19. Nb1 Be5 20. Rd3 Rfd8 21. Rxd8+ Rxd8 22. Qe2 Qd7 23. f4 Qd1+ 24. Bf1 Qxe2 25. Bxe2 Bd4+ 26. Kg2 Bxe4+ 0-1